|
|
|
|
| LEADER |
02825nam a2200769 i 4500 |
| 001 |
nkc20172879634 |
| 003 |
CZ PrNK |
| 005 |
20181112235030.0 |
| 007 |
ta |
| 008 |
170426s2017 xr ac e 000 0dcze |
| 015 |
|
|
|a cnb002879634
|
| 020 |
|
|
|a 978-80-200-2701-6
|q (brožováno)
|
| 035 |
|
|
|a (OCoLC)1000511059
|
| 040 |
|
|
|a ABA001
|b cze
|d BOA001
|e rda
|
| 043 |
|
|
|a e-xr---
|
| 045 |
|
|
|a x-y-
|
| 072 |
|
7 |
|a 00
|x Věda. Všeobecnosti. Základy vědy a kultury. Vědecká práce
|2 Konspekt
|9 12
|
| 080 |
|
|
|a 575.8-051
|2 MRF
|
| 080 |
|
|
|a 001.92
|2 MRF
|
| 080 |
|
|
|a 575.8
|2 MRF
|
| 080 |
|
|
|a 61:001.891
|2 MRF
|
| 080 |
|
|
|a 5:001.891
|2 MRF
|
| 080 |
|
|
|a 316.64
|2 MRF
|
| 080 |
|
|
|a 323
|2 MRF
|
| 080 |
|
|
|a (437.3)
|2 MRF
|
| 080 |
|
|
|a (0.034.2)004.774.6
|2 MRF
|
| 080 |
|
|
|a (047.6)
|2 MRF
|
| 080 |
|
|
|a (081)
|2 MRF
|
| 100 |
1 |
|
|a Flegr, Jaroslav,
|d 1958-
|7 mzk2005279523
|4 aut
|
| 245 |
1 |
0 |
|a Milí pokusní králíci /
|c Jaroslav Flegr
|
| 250 |
|
|
|a Vydání 1.
|
| 264 |
|
1 |
|a Praha :
|b Academia,
|c 2017
|
| 300 |
|
|
|a 249 stran :
|b barevné ilustrace, portréty ;
|c 20 cm
|
| 336 |
|
|
|a text
|b txt
|2 rdacontent
|
| 337 |
|
|
|a bez média
|b n
|2 rdamedia
|
| 338 |
|
|
|a svazek
|b nc
|2 rdacarrier
|
| 490 |
1 |
|
|a Galileo ;
|v svazek 67
|
| 600 |
1 |
7 |
|a Flegr, Jaroslav,
|d 1958-
|7 mzk2005279523
|2 czenas
|
| 648 |
|
7 |
|a 20.-21. století
|7 ch462155
|2 czenas
|
| 650 |
0 |
7 |
|a evoluční biologové
|7 ph782633
|z Česko
|y 20.-21. století
|2 czenas
|
| 650 |
0 |
7 |
|a popularizace vědy
|7 ph164938
|2 czenas
|
| 650 |
0 |
7 |
|a evoluční biologie
|7 ph114507
|2 czenas
|
| 650 |
0 |
7 |
|a lékařský výzkum
|7 ph122514
|2 czenas
|
| 650 |
0 |
7 |
|a přírodovědný výzkum
|7 ph124943
|2 czenas
|
| 650 |
0 |
7 |
|a názory a postoje
|7 ph137634
|2 czenas
|
| 650 |
0 |
9 |
|a evolutionary biologists
|z Czechia
|y 20th-21st centuries
|2 eczenas
|
| 650 |
0 |
9 |
|a popularization of science
|2 eczenas
|
| 650 |
0 |
9 |
|a evolutionary biology
|2 eczenas
|
| 650 |
0 |
9 |
|a medical research
|2 eczenas
|
| 650 |
0 |
9 |
|a natural science research
|2 eczenas
|
| 650 |
0 |
9 |
|a views and attitudes
|2 eczenas
|
| 651 |
|
7 |
|a Česko
|7 ge128065
|x společnost a politika
|2 czenas
|
| 651 |
|
9 |
|a Czechia
|x society and politics
|2 eczenas
|
| 655 |
|
7 |
|a blogy
|7 fd376279
|2 czenas
|
| 655 |
|
7 |
|a glosy
|7 fd185941
|2 czenas
|
| 655 |
|
7 |
|a sborníky
|7 fd724345
|2 czenas
|
| 655 |
|
9 |
|a blogs
|2 eczenas
|
| 655 |
|
9 |
|a glosses
|2 eczenas
|
| 655 |
|
9 |
|a papers by one author
|2 eczenas
|
| 830 |
|
0 |
|a Galileo
|0 s
|
| 856 |
4 |
1 |
|u http://www.digitalniknihovna.cz/mzk/uuid/uuid:2d6861e0-5d81-11e8-9a07-005056827e52
|y Digitalizovaný dokument
|x NDK
|
| 910 |
2 |
|
|a BOA001
|b 1-1389.346
|
| 990 |
|
|
|a BK
|
| 995 |
|
|
|a 01
|
| 991 |
|
|
|b 201706
|c NOV
|
| 996 |
6 |
|
|b 2610710252
|c 1-1389.346
|l MZK
|r Sklad / do 1 hodiny
|n 4
|p p.v.
|w 001615340
|u 000010
|a 1
|e BOA001
|j MZK50
|s P
|
| 996 |
7 |
|
|b 2610728048
|c 1-1389.346
|l MZK
|r Sklad / do 1 hodiny
|n 10
|p kup
|w 001615340
|u 000020
|a 1
|e BOA001
|j MZK50
|s A
|